<?xml version="1.0" encoding="UTF-8"?>
<collection xmlns="http://www.loc.gov/MARC21/slim">
 <record>
  <leader>00395pamaa2200145   4500</leader>
  <controlfield tag="001">0000021951</controlfield>
  <controlfield tag="005">20091217090000.0</controlfield>
  <datafield tag="020" ind1="0" ind2="0">
   <subfield code="a">0901273082 </subfield>
  </datafield>
  <datafield tag="090" ind1="0" ind2="0">
   <subfield code="a">PR1174 </subfield>
   <subfield code="b">ARM 1986</subfield>
  </datafield>
  <datafield tag="100" ind1="1" ind2="0">
   <subfield code="a">Armstrong </subfield>
  </datafield>
  <datafield tag="245" ind1="1" ind2="0">
   <subfield code="a">Dreaming north : </subfield>
   <subfield code="b">poems  </subfield>
   <subfield code="c">by Keith Armstrong and Graeme Rigby.</subfield>
  </datafield>
  <datafield tag="260" ind1="0" ind2="0">
   <subfield code="a">London: </subfield>
   <subfield code="b">Portcullis Press, </subfield>
   <subfield code="c">1986.</subfield>
  </datafield>
  <datafield tag="300" ind1=" " ind2=" ">
   <subfield code="a">72p.; </subfield>
   <subfield code="c">21cm.</subfield>
  </datafield>
  <datafield tag="650" ind1="0" ind2="0">
   <subfield code="a">English poetry </subfield>
  </datafield>
  <datafield tag="700" ind1="1" ind2="1">
   <subfield code="a">Rigby, </subfield>
   <subfield code="h">Graeme </subfield>
  </datafield>
 </record>
</collection>
